| 000 | 00729cam a2200229 4500 | ||
|---|---|---|---|
| 001 | 7990 | ||
| 005 | 20181127184835.0 | ||
| 008 | 111114s2013 nyu b 001 0 eng | ||
| 010 | _a 2011046294 | ||
| 020 | _a9780078034930 (alk. paper) | ||
| 082 | 0 | 0 |
_a306 _223 |
| 100 | 1 | _aLavenda, Robert H. | |
| 245 | 1 | 0 |
_aCore concepts in cultural anthropology / _cRobert H. Lavenda, Emily A. Schultz. |
| 250 | _a5th ed. | ||
| 260 |
_aNew York : _bMcGraw-Hill, _cc2013. |
||
| 300 |
_axii, 276 p. ; _c23 cm. |
||
| 504 | _aIncludes bibliographical references (p. 255-268) and index. | ||
| 650 | 0 |
_aEthnology _vBibliography. |
|
| 650 | 0 | _aEthnology. | |
| 700 | 1 |
_aSchultz, Emily A. _q(Emily Ann), _d1949- |
|
| 999 |
_c6874 _d6874 |
||